|
|
|
|
| LEADER |
00000naa0a2200000 4500 |
| 001 |
599868 |
| 005 |
20250123115059.0 |
| 035 |
|
|
|a (RuTPU)RU\TPU\tpu\24022
|
| 090 |
|
|
|a 599868
|
| 100 |
|
|
|a 20131125d2008 k||y0rusy50 ca
|
| 101 |
0 |
|
|a rus
|
| 102 |
|
|
|a RU
|
| 200 |
1 |
|
|a Сливаясь с ритмом прошлых веков
|f Д. Е. Крапчунов
|
| 333 |
|
|
|a В фонде НТБ ТПУ отсутствует
|
| 461 |
|
|
|t Территория согласия
|o журнал о жизни народов Томской области
|d 2008
|
| 463 |
|
|
|t № 1 (15)
|v С. 30-31
|d 2008
|
| 610 |
1 |
|
|a труды учёных ТПУ
|
| 700 |
|
1 |
|a Крапчунов
|b Д. Е.
|c специалист в области культурологии
|c доцент Томского политехнического университета, кандидат философских наук
|f 1979-
|g Даниил Евгеньевич
|3 (RuTPU)RU\TPU\pers\24669
|
| 801 |
|
1 |
|a RU
|b 63413507
|c 20131125
|
| 942 |
|
|
|c CR
|